000 00349nam a22001457a 4500
003 OSt
005 20160727222353.0
008 160622b xxu||||| |||| 00| 0 eng d
040 _cTest
100 _9447
_aPai, A
245 _aJataka Tales Monkey Stories
260 _aIndia Book House
_c1986
300 _aJataka Tales Monkey Stories
942 _2ddc
_cBK
999 _c370
_d370